Zdaňovanie ako forma ochrany životného prostredia
Analýza zavádzania spotrebných daní v súvislosti s existenciou negatívnych externalít vznikajúcich na životnom prostredí. Názory významných ekonómov na uplatňovanie nepriamych nástrojov environmentálnej politiky. Súčasný stav spotrebných daní, ale najmä spotrebných daní z energií, ktoré sa uplatňuj...
Salvato in:
| Autore principale: | |
|---|---|
| Altri autori: | |
| Natura: | Capitolo di libro |
| Lingua: | slovacco |
| Soggetti: | |
| Tags: |
Nessun Tag, puoi essere il primo ad aggiungerne!!
|
MARC
| LEADER | 00000nla a2200000 4500 | ||
|---|---|---|---|
| 001 | 0222883 | ||
| 005 | 20240502083553.8 | ||
| 041 | 0 | |a slo | |
| 044 | |a US | ||
| 245 | 1 | 0 | |a Zdaňovanie ako forma ochrany životného prostredia |c Juraj Válek, Jana Kušnírová |
| 520 | |a Analýza zavádzania spotrebných daní v súvislosti s existenciou negatívnych externalít vznikajúcich na životnom prostredí. Názory významných ekonómov na uplatňovanie nepriamych nástrojov environmentálnej politiky. Súčasný stav spotrebných daní, ale najmä spotrebných daní z energií, ktoré sa uplatňujú na území Slovenskej republiky. | ||
| 610 | 2 | 0 | |a dane spotrebné |
| 610 | 2 | 0 | |a ochrana prostredia životného |
| 610 | 2 | 0 | |a dane ekologické |
| 610 | 2 | 0 | |a systémy daňové |
| 610 | 2 | 0 | |a harmonizácia |
| 610 | 2 | 0 | |a Európska únia |
| 610 | 2 | 0 | |a Slovensko |
| 100 | 1 | |a Válek, Juraj, 1981- | |
| 700 | 1 | |a Kušnírová, Jana, 1977- | |